Théâtre complet de M. de Voltaire (Record no. 167797)
[ view plain ]
| 000 -LEADER | |
|---|---|
| campo de control de longitud fija | 01263nam a2200253 i 4500 |
| 001 - NÚMERO DE CONTROL | |
| campo de control | 167797 |
| 003 - IDENTIFICADOR DE NÚMERO DE CONTROL | |
| campo de control | ES-MaACL |
| 005 - FECHA Y HORA DE LA ÚLTIMA TRANSACCIÓN | |
| campo de control | 20250716063332.0 |
| 008 - DATOS DE LONGITUD FIJA--INFORMACIÓN GENERAL | |
| campo de control de longitud fija | 050928s1769 sz af | |||||||| ||fre d |
| 040 ## - FUENTE DE CATALOGACIÓN | |
| Centro catalogador/agencia de origen | CAM |
| Lengua de catalogación | spa |
| Centro/agencia transcriptor | CAM |
| 100 0# - ENTRADA PRINCIPAL--NOMBRE DE PERSONA | |
| Nombre de persona | Voltaire, |
| Fechas asociadas al nombre | 1694-1778 |
| 9 (RLIN) | 115721 |
| 245 10 - MENCIÓN DEL TÍTULO | |
| Título | Théâtre complet de M. de Voltaire |
| Resto del título | : tome quatrième. |
| 260 ## - PUBLICACIÓN, DISTRIBUCIÓN, ETC. | |
| Lugar de publicación, distribución, etc. | Geneve : |
| Nombre del editor, distribuidor, etc. | [s.n.], |
| Fecha de publicación, distribución, etc. | 1769. |
| 300 ## - DESCRIPCIÓN FÍSICA | |
| Extensión | 542 p., [5] h. de grab. ; |
| Dimensiones | 4º. |
| 490 1# - MENCIÓN DE SERIE | |
| Mención de serie | Collection complette des oeuvres de M. de Voltaire ; |
| Designación de volumen o secuencia | 6 |
| 500 ## - NOTA GENERAL | |
| Nota general | Datos tomados de BN Opale-plus. |
| 505 8# - NOTA DE CONTENIDO CON FORMATO | |
| Nota de contenido con formato | Octave et le jeune Pompée ou Le Triumvirat: p. 1-110 ; Les scythes: p. 111-200 ; L'Indiscret: p. 201-242 ; L'Enfant prodigue: p. 243-342 ; Nanine ou L'Homme sans préjugé: p. 343-426 ; La Prude ou La Gardeuse de Cassette: p. 427-540 |
| 596 ## - NOTA AL PIE DE IMPRENTA | |
| NOTA AL PIE DE IMPRENTA | Según consta en otros registros de BN Opale-plus impreso por Frères Cramer. |
| 597 ## - NOTA DE DESCRIPCIÓN FÍSICA | |
| NOTA DE DESCRIPCIÓN FÍSICA | Sign.: A-2Z4, 3A-3X4, 3Y3. |
| 599 ## - NOTA A LAS ILUSTRACIONES | |
| NOTA A LAS ILUSTRACIONES | Las h. de grab. calc.: "H. Delagrave inv., J. le Veau sculp.", alegóricas, precediendo cada obra. |
| 830 0# - PUNTO DE ACCESO ADICIONAL DE SERIE-TÍTULO UNIFORME | |
| Título uniforme | Collection complette des oeuvres de M. de Voltaire ; |
| Designación de volumen o secuencia | 6 |
| 9 (RLIN) | 188768 |
| 852 ## - LOCALIZACIÓN | |
| Ubicación | ES-MaACL |
| Número de control de estantería | R-757-60 |
| Nota libre | -- Enc. hol. |
| condición física | -- Falto de port.? |
| Encuadernación | Olim: G-6597-600 |
| Estatus retirado | Estado de pérdida | Estado de daño | No para préstamo | Colección | Biblioteca de origen | Biblioteca actual | Ubicación en estantería | Fecha de adquisición | Total de préstamos | Signatura topográfica completa | Código de barras | Visto por última vez | Precio de reemplazo | Tipo de ítem Koha |
|---|---|---|---|---|---|---|---|---|---|---|---|---|---|---|
| Libros del s. XVIII | Biblioteca del Ateneo de Madrid | Biblioteca del Ateneo de Madrid | Depósito | 17/01/2008 | R-757-60 | 1176037 | 23/02/2023 | 23/02/2023 | Libro impreso antiguo |
